Avoiding payment of an adjudicator's decision (Record no. 69401)
[ view plain ]
| 000 -LEADER | |
|---|---|
| fixed length control field | 01468cam a2200241 4500 |
| 001 - CONTROL NUMBER | |
| control field | ABS65018 |
| 008 - FIXED-LENGTH DATA ELEMENTS--GENERAL INFORMATION | |
| fixed length control field | 020130n2001 000 0 eng u |
| 035 ## - SYSTEM CONTROL NUMBER | |
| System control number | (Sirsi) u116546 |
| 100 ## - MAIN ENTRY--PERSONAL NAME | |
| Personal name | Mort, J |
| 245 ## - TITLE STATEMENT | |
| Title | Avoiding payment of an adjudicator's decision |
| 260 ## - PUBLICATION, DISTRIBUTION, ETC. | |
| Date of publication, distribution, etc. | 2001 |
| 490 ## - SERIES STATEMENT | |
| Series statement | New Law Journal |
| Volume/sequential designation | 151(7011) 7 December 2001, 1821-1822(2) |
| 520 ## - SUMMARY, ETC. | |
| Summary, etc. | Discusses the issue of paying parties in arbitration cases trying to avoid the enforcement of the adjudicator's decision, with particular reference to the cases "VHE Construction v RBSTB Trust" and "McLean Contractors v Swansea Housing Association" which gave conflicting judgments on this issue. Concludes that the differences can be reconciled by viewing the role of the adjudicator; in the VHE case he acts more as a arbitrator or a judge while in McLeans he is more a contract administrator. |
| 590 ## - LOCAL NOTE (RLIN) | |
| Local note | ABS |
| 650 ## - SUBJECT ADDED ENTRY--TOPICAL TERM | |
| Topical term or geographic name entry element | VHE CONSTRUCTION PLC V RBSTB TRUST CO LTD |
| 650 ## - SUBJECT ADDED ENTRY--TOPICAL TERM | |
| Topical term or geographic name entry element | MCLEAN CONTRACTORS V SWANSEA HOUSING ASSOCIATION |
| 650 ## - SUBJECT ADDED ENTRY--TOPICAL TERM | |
| Topical term or geographic name entry element | MANAGEMENT-DISPUTE AVOIDANCE, MANAGEMENT AND RESOLUTION-DISPUTE MANAGEMENT AND RESOLUTION-ALTERNATIVE DISPUTE RESOLUTION-ADJUDICATION-ADJUDICATION AWARDS |
| 650 ## - SUBJECT ADDED ENTRY--TOPICAL TERM | |
| Topical term or geographic name entry element | MANAGEMENT-DISPUTE AVOIDANCE, MANAGEMENT AND RESOLUTION-DISPUTE MANAGEMENT AND RESOLUTION-ALTERNATIVE DISPUTE RESOLUTION-ADJUDICATION |
| 650 ## - SUBJECT ADDED ENTRY--TOPICAL TERM | |
| Topical term or geographic name entry element | BUILT ENVIRONMENT-BUILDING CONTRACT FORMS |
| 650 ## - SUBJECT ADDED ENTRY--TOPICAL TERM | |
| Topical term or geographic name entry element | CONTRACT DISPUTES |
| 690 ## - LOCAL SUBJECT ADDED ENTRY--TOPICAL TERM (OCLC, RLIN) | |
| Topical term or geographic name as entry element | Dispute resolution |
| 9 (RLIN) | 6236 |
| 942 ## - ADDED ENTRY ELEMENTS (KOHA) | |
| Suppress in OPAC | 0 |
| Withdrawn status | Lost status | Source of classification or shelving scheme | Damaged status | Not for loan | Home library | Current library | Shelving location | Date acquired | Total Checkouts | Full call number | Barcode | Date last seen | Copy number | Price effective from | Koha item type |
|---|---|---|---|---|---|---|---|---|---|---|---|---|---|---|---|
| Dewey Decimal Classification | London | London | Journal article | 30/01/2002 | ABS65018 | 116546-1001 | 06/08/2019 | 1 | 06/08/2019 | Journal article |